000 04664nam a22006137a 4500
001 B-267504-529
003 dpl
005 20080602112520.0
008 080602t xxu||||| |||| 00| 0 eng d
010 _aB-267504-529
020 _a8188148520
_c135.00
035 _aB-267504-529
040 _aDPL
_bEN
082 _aN
245 _aThe adventures of Robin Hood/
_cretold from the Howard Pyle original by John Burrows;illustrated by Lucy Corvino
260 _aNew York
_bSterling Publishing
_c2006
270 _bNew York
_a387 Park Ave. S.,
270 _bNew York
_a387 Park Ave. S.,
270 _bNew York
_a387 Park Ave. S.,
300 _a151p.:
_bill.
_c20 cm (Hb)
490 _aClassic starts
700 _aBurrows, John
700 _aCorvino, Lucy
942 _2ddc
_cCH
_hN
_mADV
999 _c13402
_d13402